Formula 1 2011 Championship Standings - Statistics

General Stats
  • This quiz has been taken 21 times
  • The average score is 20 of 28
Answer Stats
Position Team Answer % Correct
4th Ferrari Fernando Alonso
100%
5th McLaren-Mercedes Lewis Hamilton
100%
1st Red Bull-Renault Sebastian Vettel
100%
6th Ferrari Felipe Massa
93%
2nd McLaren-Mercedes Jenson Button
93%
3rd Red Bull-Renault Mark Webber
93%
7th Mercedes Nico Rosberg
87%
16th Sauber-Ferrari Sergio Perez
87%
8th Mercedes Michael Schumacher
80%
27th HRT-Cosworth Daniel Ricciardo
73%
21st Lotus-Renault Jarno Trulli
73%
17th Williams-Cosworth Rubens Barrichello
73%
18th Renault Bruno Senna
67%
22nd Lotus-Renault Heikki Kovalainen
67%
19th Williams-Cosworth Pastor Maldonado
67%
9th Force India-Mercedes Adrian Sutil
60%
14th Toro Rosso-Ferrari Jaime Alguersuari
60%
24th Virgin-Cosworth Jerome d’Ambrosio
60%
12th Sauber-Ferrari Kamui Kobayashi
60%
26th HRT-Cosworth Narain Karthikeyan
60%
11th Renault Nick Heidfeld
60%
13th Force India-Mercedes Paul di Resta
60%
20th Sauber-Ferrari Pedro de la Rosa
60%
15th Toro Rosso-Ferrari Sebastien Buemi
60%
25th Virgin-Cosworth Timo Glock
60%
10th Renault Vitaly Petrov
60%
28th Lotus-Renault Karun Chandhok
53%
23rd HRT-Cosworth Vitantonio Liuzzi
53%
No matching quizzes found
Score Distribution
Percent of People with Each Score
Percentile by Number Answered
Your Score History
You have not taken this quiz